Country Flags in 15 seconds - Statistics

General Stats
  • This quiz has been taken 122 times
    118 since last reset
  • The average score is 7 of 8
Answer Stats
Picture Answer % Correct
United Kingdom
100%
United States of America
100%
New Zealand
90%
United Arab Emirates
90%
Federated States of Micronesia
87%
Central African Republic
80%
Democratic Republic of the Congo
80%
Papua New Guinea
80%
No matching quizzes found
Score Distribution
Percent of People with Each Score
Percentile by Number Answered
Your Score History
You have not taken this quiz since the last reset